Times por Escudo - Bundesliga 23/24 - Statistics

Estatísticas Gerais
  • Esse quiz foi jogado 342 vezes
  • A pontuação média é 12 de 18
Estatísticas das Respostas
Imagem Resposta % Correto
Bayern de Munique
95%
Bayer Leverkusen
94%
Borussia Dortmund
94%
RB Leipzig
90%
Eintracht Frankfurt
78%
Wolfsburg
77%
Mainz
74%
Freiburg
73%
Union Berlin
73%
Hoffenheim
69%
Stuttgart
67%
Koln
65%
Werder Bremen
64%
Borussia Monchengladbach
53%
Augsburg
50%
Bochum
43%
Heidenheim
29%
Darmstadt
27%
Nenhum quiz correspondente encontrado
Distribuição das Pontuações
Porcentagem de Pessoas com Cada Pontuação
Percentil de Números Respondidos
Sua Pontuação Histórica
Você não jogou esse quiz